| 000 | 00886cam a22002413a 4500 | ||
|---|---|---|---|
| 001 | 8911 | ||
| 003 | PGUSA | ||
| 005 | 20140828083206.0 | ||
| 008 | 040830s2004||||xxu|||||s|||||000 | eng d | ||
| 040 |
_aPGUSA _beng |
||
| 042 | _adc | ||
| 050 | 4 | _aDU | |
| 100 | 1 |
_aStuart, John McDouall, _d1815-1866 |
|
| 245 | 1 | 0 |
_aExplorations in Australia : _bThe Journals of John McDouall Stuart During the Years 1858, 1859, 1860, 1861, and 1862, When He Fixed the Centre of the Continent and Successfully Crossed It from Sea to Sea _h[electronic resource] / _cJohn McDouall Stuart |
| 260 |
_bProject Gutenberg, _c2004 |
||
| 506 | _aPublic domain in the USA. | ||
| 516 | _aElectronic text | ||
| 653 | _aAustralia -- Discovery and exploration | ||
| 653 | _aStuart, John McDouall, 1815-1866 | ||
| 830 | 0 |
_aProject Gutenberg _v8911 |
|
| 856 | 4 | 0 | _uhttp://www.gutenberg.org/ebooks/8911 |
| 942 | _cEB | ||
| 999 |
_c238195 _d238195 |
||